000 00301nam a22001337a 4500
008 170315b xxu||||| |||| 00| 0 eng d
020 _a084976343
041 _aeng
080 _a611
100 _a7
101 _aSHM
245 _aEMBRYONIC MORTALITY IN DOMESTIC SPECIES
_cZAVY, M.T
942 _2udc
_cBK
999 _c7935
_d7935